<?xml version="1.0" encoding="UTF-8"?>
<collection xmlns:xsi="http://www.w3.org/2001/XMLSchema-instance" xsi:schemaLocation="http://www.loc.gov/MARC21/slim http://www.loc.gov/standards/marcxml/schema/MARC21slim.xsd" xmlns="http://www.loc.gov/MARC21/slim">
 <record>
  <leader>00000cam a22000003i 4500</leader>
  <controlfield tag="001">UP-1685594773861725651</controlfield>
  <controlfield tag="003">Buklod</controlfield>
  <controlfield tag="005">20090804104854.0</controlfield>
  <controlfield tag="006">j|||||||||||||| | </controlfield>
  <controlfield tag="007">ta</controlfield>
  <controlfield tag="008">161204s2007    nyua    rb   |||1 u|eng d</controlfield>
  <datafield tag="020" ind1=" " ind2=" ">
   <subfield code="a">9781841690902 (hb : alk. paper)</subfield>
  </datafield>
  <datafield tag="020" ind1=" " ind2=" ">
   <subfield code="a">1841690902 (hb : alk. paper)</subfield>
  </datafield>
  <datafield tag="020" ind1=" " ind2=" ">
   <subfield code="a">9781841690919 (pbk. : alk. paper)</subfield>
  </datafield>
  <datafield tag="020" ind1=" " ind2=" ">
   <subfield code="a">1841690910 (pbk. : alk. paper)</subfield>
  </datafield>
  <datafield tag="035" ind1=" " ind2=" ">
   <subfield code="a">(iLib)UPBAG-00006230333</subfield>
  </datafield>
  <datafield tag="037" ind1=" " ind2=" ">
   <subfield code="a">BC-57823</subfield>
   <subfield code="c">Php5,700.00</subfield>
  </datafield>
  <datafield tag="037" ind1=" " ind2=" ">
   <subfield code="a">BC-57998</subfield>
   <subfield code="c">Php2,993.00</subfield>
  </datafield>
  <datafield tag="040" ind1=" " ind2=" ">
   <subfield code="a">DLC</subfield>
   <subfield code="d">BAG</subfield>
   <subfield code="e">rda</subfield>
  </datafield>
  <datafield tag="041" ind1="0" ind2=" ">
   <subfield code="a">eng</subfield>
  </datafield>
  <datafield tag="090" ind1=" " ind2="0">
   <subfield code="a">BF 323 S63</subfield>
   <subfield code="b">S635</subfield>
  </datafield>
  <datafield tag="245" ind1="0" ind2="0">
   <subfield code="a">Social comparison theories</subfield>
   <subfield code="b">key readings</subfield>
   <subfield code="c">edited by Diederik A. Stapel [and one other].</subfield>
  </datafield>
  <datafield tag="264" ind1=" " ind2="1">
   <subfield code="a">New York, N.Y.</subfield>
   <subfield code="b">Psychology Press</subfield>
   <subfield code="c">2007.</subfield>
  </datafield>
  <datafield tag="300" ind1=" " ind2=" ">
   <subfield code="a">xv, 534 pages</subfield>
   <subfield code="b">illustrations</subfield>
   <subfield code="c">24 cm</subfield>
  </datafield>
  <datafield tag="490" ind1="0" ind2=" ">
   <subfield code="a">Key readings in social psychology</subfield>
  </datafield>
  <datafield tag="504" ind1=" " ind2=" ">
   <subfield code="a">Includes bibliographical references and indexes.</subfield>
  </datafield>
  <datafield tag="505" ind1="0" ind2=" ">
   <subfield code="a">Introduction to the history of social comparison /Hart Blanton  ; Diederik A. Stapel  -- Informal social communication / Leon Festinger -- A theory of social comparison processes / Leon Festinger -- Social comparison theory : an attributional approach /George R. Goethals -- John M.Darley -- Pleasure and pain in social comparison / Philip Brickman ; Ronnie Janoff Bulman -- Social comparison activity under threat downward evaluation and upward contacts / Shelley E. Taylor ; Marci Lobel -- Toward a self-evaluation maintenance model of social behavior / Abraham Tesser -- The affective consequences of social comparison : either direction has its ups and downs / Bram  P. Buunk -- Superstars and me : predicting the impact of  role models on the self / Penelope Lockwood ; Kunda, Ziva -- The person who outperforms me is a genius :  maintaining perceived competence in upward social  comparison / Mark D. Alicke -- From top dog to bottom half : social  comparison strategies in response to poor performance  / Frederick X. Gibbons ; Camilla  Persson Benbow ; Meg Gerrard -- Unrealistic optimism about future life  events / Neil D. Weinstein -- Objective standards are not enough : affective, self-evaluative, and behavioral responses to  social comparison information / William M. Klein -- Myopic social prediction and the solo  comparison effect / Don A. Moore ; Tal Gyu  Kim -- Exposing pluralistic ignorance to reduce  alcohol use among college students / Christine M. Schroeder ; Deborah A. Prentice -- How high is up? : calibrating social  comparison in the real world| /T. A. Nosanchuck ; Bonnie H. Erickson -- Big-fish-little-pond effect on academic self -concept : a cross-cultural (26-country) test of the negative effects of academically selective schools / Herbert W. Marsh ; Kit-Tai Hau -- Social comparisons of income in one's  community : evidence from national surveys of income and  happiness / Michael R. Hagerty  -- Power moves : complementarity in dominant  and submissive nonverbal behavior / Larissa Z. Tiedens ; Alison R. Fragale -- The social identity theory of intergroup  behavior / Henri Tajfel ; John C. Turner -- Particularistic and universalistic  evaluation in the social comparison process / Dale T.  Miller ; William Turnbull ; Cathy McFarland -- Social contagion of binge eating / Christian  S. Crandall -- Social comparisons and pay evaluations :  preferences for same-sex and same-job wage comparisons / Brenda Major ; Blythe Forcey -- Social identity versus reference frame  comparisons : the moderating role of stereotype  endorsement / Hart Blanton ; Charlene  Christie ; Maureen Dye -- When comparisons arise / Daniel T. Gilbert ; R. Brian Giesler ; Kathryn A. Morris --  -- I, we, and the effects of others on me : how self-construal level moderates social comparison effects / Diederik A. Stapel ; Willem Koomen -- The &quot;relative self&quot; : informational and judgmental consequences of comparative self-evaluation  / Thomas Mussweiler| ; Fritz Strack -- How to read a journal article in social psychology / Christian H. Jordan; Mark P. Zanna.</subfield>
  </datafield>
  <datafield tag="650" ind1=" " ind2="0">
   <subfield code="a">Social perception.</subfield>
  </datafield>
  <datafield tag="650" ind1=" " ind2="0">
   <subfield code="a">Social comparison.</subfield>
  </datafield>
  <datafield tag="650" ind1=" " ind2="0">
   <subfield code="a">Self-perception.</subfield>
  </datafield>
  <datafield tag="650" ind1=" " ind2="0">
   <subfield code="a">Comparison (Psychology).</subfield>
  </datafield>
  <datafield tag="700" ind1="1" ind2=" ">
   <subfield code="a">Stapel, Diederik A.</subfield>
   <subfield code="e">editor.</subfield>
  </datafield>
  <datafield tag="905" ind1=" " ind2=" ">
   <subfield code="a">FO</subfield>
  </datafield>
  <datafield tag="852" ind1="0" ind2=" ">
   <subfield code="a">UPBAG</subfield>
   <subfield code="b">UPBAG-MAIN</subfield>
   <subfield code="h">BF 323 S63 S635</subfield>
  </datafield>
  <datafield tag="942" ind1=" " ind2=" ">
   <subfield code="a">Book</subfield>
  </datafield>
 </record>
</collection>
